Profile: Johanna Mason Quiz Stats

 Plays Quiz Updated Apr 6, 2015

Challenge
Share
Tweet
Embed
Score 0/25 Timer 10:00
0 Plays Today
Question Answer % Correct
Home districtDistrict 7
95.5%
First book in which she appearsCatching Fire
94.2%
First book in which Johanna is mentionedThe Hunger Games
91.4%
Author who created the characterSuzanne Collins
86.4%
Year (number) of Hunger Games she and Katniss compete together75th
85.6%
Which district she and Katniss train inDistrict 13
79.2%
What she cuts out of Katniss' armTracker
78.2%
Male tribute who is taken along with her to be tortured in the CapitolPeeta
77.8%
What falls on her in the jungle that she at first mistakes for rainBlood
77.4%
Her district's industryLumber
77.4%
Her vote to put Capitol children in a final Hunger GamesYes
76.6%
Johanna's usual weaponAxe
74.3%
Year (number) she became victor of the Hunger Games71st
71.1%
Question Answer % Correct
Alliterative name for this competitionQuarter Quell
70.4%
Tribute who Johanna explains (to Katniss) was Finnick's mentor and half of his familyMags
68.9%
Female and Male tributes she saves/protects because Katniss wants themWiress & Beetee
66.4%
Type of Muttation that can't hurt/confuse her because she has no one left to love.Jabberjay
64%
Her nickname for these two tributesNuts & Volts
53.5%
Female tribute from District 1 who Johanna killsCashmere
47.6%
What she steals from Katniss in the hospitalMorphling
46.7%
What obstacle makes her fail her exam and puts her back in the hospitalWater (flooding)
44%
What she tells Katniss to do at Finnick's wedding to infuriate SnowDance
40.7%
Male tribute from her district who is killedBlight
36%
Actress who plays her in the film Catching FireJena Malone
32.8%
Gift Katniss gives her that reminds her of home and makes her cryPine Needles
25.1%

You're not logged in!

Compare scores with friends on all Sporcle quizzes.
OR
Log In

You Might Also Like...

Show Comments

Extras

Top Quizzes Today


Score Distribution

Your Account Isn't Verified!

In order to create a playlist on Sporcle, you need to verify the email address you used during registration. Go to your Sporcle Settings to finish the process.

Report this User

Report this user for behavior that violates our Community Guidelines.

Details: